<?xml version="1.0" encoding="UTF-8"?>
<record
    xmlns:xsi="http://www.w3.org/2001/XMLSchema-instance"
    xsi:schemaLocation="http://www.loc.gov/MARC21/slim http://www.loc.gov/standards/marcxml/schema/MARC21slim.xsd"
    xmlns="http://www.loc.gov/MARC21/slim">

  <leader>03365nam a22002537a 4500</leader>
  <controlfield tag="003">CUTN</controlfield>
  <controlfield tag="005">20250610131025.0</controlfield>
  <controlfield tag="008">250610b        |||||||| |||| 00| 0 eng d</controlfield>
  <datafield tag="020" ind1=" " ind2=" ">
    <subfield code="a">9788180942259</subfield>
  </datafield>
  <datafield tag="041" ind1=" " ind2=" ">
    <subfield code="a">English</subfield>
  </datafield>
  <datafield tag="082" ind1=" " ind2=" ">
    <subfield code="2">23</subfield>
    <subfield code="a">320.954</subfield>
    <subfield code="b">RAN</subfield>
  </datafield>
  <datafield tag="100" ind1=" " ind2=" ">
    <subfield code="a">Aiyangar K.V. Rangaswami </subfield>
  </datafield>
  <datafield tag="245" ind1=" " ind2=" ">
    <subfield code="a">Considerations on Some Aspects of Ancient Indian Polity /</subfield>
    <subfield code="c">K.V. Rangaswami Aiyangar </subfield>
  </datafield>
  <datafield tag="260" ind1=" " ind2=" ">
    <subfield code="a">Chennai:</subfield>
    <subfield code="b">MJP Publisher,</subfield>
    <subfield code="c">2023.</subfield>
  </datafield>
  <datafield tag="300" ind1=" " ind2=" ">
    <subfield code="a">161p. :</subfield>
    <subfield code="b">ill, ;</subfield>
    <subfield code="c">5.5 x 0.44 x 8.5 inches.</subfield>
  </datafield>
  <datafield tag="505" ind1=" " ind2=" ">
    <subfield code="a">Political Theory in Ancient India:
The book delves into the political philosophy of ancient India, where the king (Raja) played a central role, as discussed in classical texts.
It examines the king&#x2019;s responsibilities, duties, and the principles that guided royal governance, including justice, welfare of the people, and dharma (moral order).
The Arthashastra and Governance:
Aiyangar highlights the Arthashastra as a foundational text of ancient Indian political thought. Written by Kautilya (Chanakya), it offers practical guidance on statecraft, administration, diplomacy, and the role of the ruler.
The book discusses the Mandal Theory (the concept of alliances and strategic diplomacy) and spy systems, focusing on how rulers ensured stability and governance.

Concepts of Sovereignty and Authority:
The idea of sovereignty is critically analyzed, examining how authority was vested in the king while simultaneously being balanced by a system of councils, advisors, and ministers.

Aiyangar also discusses the role of the council of ministers, the functioning of the priestly class in state matters, and the relationship between the monarch and the people.
Dharma and Governance:
A significant theme is the importance of dharma in governance. Ancient Indian polity was seen not just as a system of laws but also as a way to maintain moral order, with kings expected to act in alignment with dharma.
The dharma-shastras provided a framework for righteous rule and the moral conduct expected from rulers.
The Role of the People in Ancient Politics:
The book also touches upon the role of the citizens in ancient Indian polity, reflecting on the concept of justice and the importance of public opinion in governance.
Aiyangar highlights the sense of duty and loyalty that was expected from citizens toward the state and the ruler.</subfield>
  </datafield>
  <datafield tag="520" ind1=" " ind2=" ">
    <subfield code="a">This is not the first occasion on which it has been given to me to speak in this hall of many and hallowed memories, dear to me for over twenty years, since I entered it as a student in search of admission to a university course. It, is however, the first time when i have the pleasure of doing so in the character of the first lecture of the University on a foundation which owes its being to the enlightened munificence and burning zeal for the advancement of India history, science and culture, which characterized the eminent Indian, now no more, whose glorious career, so full of dazzling promise and of brilliant and many-sided achievement, was over even before the first of what he would assuredly have deemed his series of further benefactions to his University had time to materialize and to take shape.</subfield>
  </datafield>
  <datafield tag="650" ind1=" " ind2=" ">
    <subfield code="a">Ancient Indian Polity  </subfield>
  </datafield>
  <datafield tag="650" ind1=" " ind2=" ">
    <subfield code="a">Arthashastra </subfield>
  </datafield>
  <datafield tag="650" ind1=" " ind2=" ">
    <subfield code="a">Kautilya </subfield>
  </datafield>
  <datafield tag="650" ind1=" " ind2=" ">
    <subfield code="a">Manusmriti  </subfield>
  </datafield>
  <datafield tag="650" ind1=" " ind2=" ">
    <subfield code="a">Statecraft</subfield>
  </datafield>
  <datafield tag="942" ind1=" " ind2=" ">
    <subfield code="2">ddc</subfield>
    <subfield code="c">BOOKS</subfield>
  </datafield>
  <datafield tag="999" ind1=" " ind2=" ">
    <subfield code="c">44680</subfield>
    <subfield code="d">44680</subfield>
  </datafield>
  <datafield tag="952" ind1=" " ind2=" ">
    <subfield code="0">0</subfield>
    <subfield code="1">0</subfield>
    <subfield code="2">ddc</subfield>
    <subfield code="4">0</subfield>
    <subfield code="7">0</subfield>
    <subfield code="8">NFIC</subfield>
    <subfield code="a">CUTN</subfield>
    <subfield code="b">CUTN</subfield>
    <subfield code="c">900</subfield>
    <subfield code="d">2025-06-10</subfield>
    <subfield code="l">0</subfield>
    <subfield code="o">320.954 RAN</subfield>
    <subfield code="p">51605</subfield>
    <subfield code="r">2025-06-10 13:10:52</subfield>
    <subfield code="w">2025-06-10</subfield>
    <subfield code="y">BOOKS</subfield>
  </datafield>
</record>
